| 000 | 00624nam a2200169Ia 4500 | ||
|---|---|---|---|
| 008 | 090711s9999 xx 000 0 und d | ||
| 082 | _b1593 | ||
| 100 | _aकालेलकर मधुसूदन | ||
| 245 | _aसागरा प्राण तळमळला | ||
| 260 |
_bमॅजेस्टीक प्रकाशन _c1978 |
||
| 300 | _a73 | ||
| 600 | _aकालेलकर मधुसूदन | ||
| 630 | _aसागरा प्राण तळमळला | ||
| 700 | _aकालेलकर मधुसूदन | ||
| 730 | _aसागरा प्राण तळमळला | ||
| 942 | _cBOOK | ||
| 999 |
_c338629 _d338626 |
||